000 00416nam a2200181Ia 4500
001 9541
005 20260306161726.0
008 260306t1994||||xx |||||||||||||| ||spa||
041 _aESP
082 _a382
_bC T. 2
100 _aGonzález Calvillo, Enrique
_eAUT
245 0 _aLa experiencia de las franquicias
260 _c1994
300 _a
_c
650 _aGEN
654 _aCAN
942 _cLIB
_dJUS
_fJUS
_2ddc
_n
999 _c9541
_d9541